Адыгэ литературэ (Запись № 13685340)

Подробности
000 -МАРКЕР
контрольное поле 01453nam0a2200313 4500
001 - ИДЕНТИФИКАТОР ЗАПИСИ
контрольное поле RU\NLR\BIBL_A\022641780
005 - ИДЕНТИФИКАТОР ВЕРСИИ
контрольное поле 20260420054711.0
010 ## - МЕЖДУНАРОДНЫЙ СТАНДАРТНЫЙ НОМЕР КНИГИ (ISBN)
Номер (ISBN) 978-5-7680-2942-5
Тираж 7515
021 ## - НОМЕР ГОСУДАРСТВЕННОЙ РЕГИСТРАЦИИ
Код страны российская федерация
Номер КН-П-25-016012
Номер Листа государственной регистраци КН-П-25-1632
035 ## - ДРУГИЕ СИСТЕМНЫЕ НОМЕРА
Идентификатор записи (NLR Aleph) 022641780
100 ## - ДАННЫЕ ОБЩЕЙ ОБРАБОТКИ
Данные общей обработки 20251010d2024 e y0rusy50 ca
101 0# - ЯЗЫК РЕСУРСА
Язык текста, звукозаписи и т.д. кабардино-черкесский, кабардинский, черкесский
102 ## - СТРАНА ПУБЛИКАЦИИ ИЛИ ПРОИЗВОДСТВА
Страна публикации российская федерация
105 ## - ПОЛЕ КОДИРОВАННЫХ ДАННЫХ: ТЕКСТОВЫЕ МАТЕРИАЛЫ, МОНОГРАФИЧЕСКИЕ
Кодированные данные о монографическом текстовом документе ca||j||||||z
200 1# - ЗАГЛАВИЕ И СВЕДЕНИЯ ОБ ОТВЕТСТВЕННОСТИ
Основное заглавие Адыгэ литературэ
Сведения, относящиеся к заглавию 8 кл.
-- курыт еджапӀэхэм зэрыщеджые тхылъ
Первые сведения об ответственности БищӀо Б. Ч., БищӀо М. С.
210 ## - ПУБЛИКАЦИЯ, РАСПРОСТРАНЕНИЕ И ДР.
Место издания, распространения и т.д. Нальчик
Имя издателя, распространителя и т. д. Эльбрус
Дата издания, распространения и т.д. 2024
215 ## - ФИЗИЧЕСКАЯ ХАРАКТЕРИСТИКА
Специфическое обозначение материала и объем 328,[1] с.
Другие сведения о физической характеристике портр., ил.
Размеры 22
225 1# - СЕРИЯ
Основное заглавие серии Лъэпкъым и псэр и бзэрщ
541 1# - ПЕРЕВОД ЗАГЛАВИЯ, СДЕЛАННЫЙ КАТАЛОГИЗАТОРОМ
Связь между полями z01790
Заглавие Кабардино-черкесская литература
Сведения, относящиеся к заглавию учебник для общеобразоват. учреждений
-- 8 кл.
Язык заглавия русский
606 0# - НАИМЕНОВАНИЕ ТЕМЫ КАК ПРЕДМЕТ
Наименование темы Кабардинская литература
Формальный подзаголовок Учебники для средней школы
Системный номер авторитетной/нормативной записи 998852
Идентификатор авторитетной/нормативной записи RU\NLR\auth\66378471
686 1# - ИНДЕКСЫ ДРУГИХ КЛАССИФИКАЦИЙ
Индекс Ш5(2=К) я72
700 #1 - ИМЯ ЛИЦА - ПЕРВИЧНАЯ ОТВЕТСТВЕННОСТЬ
Код отношения Автор
Графика поля Кириллица
Материалы, к которым относится поле kbd
Начальный элемент ввода БищӀо
Часть имени, кроме начального элемента ввода Б. Ч. и къуэ
Даты 1952-
Расширение инициалов личного имени Борис Чэмал и къуэ
Системный номер авторитетной/нормативной записи 136450
Идентификатор авторитетной/нормативной записи RU\NLR\AUTH\770136485
701 #1 - ИМЯ ЛИЦА - АЛЬТЕРНАТИВНАЯ ОТВЕТСТВЕННОСТЬ
Начальный элемент ввода БищIо
Часть имени, кроме начального элемента ввода М. С.
Код отношения Автор
790 #1 - ИМЯ ЛИЦА - АЛЬТЕРНАТИВНАЯ ФОРМА
Код отношения Автор
Графика поля Кириллица
Материалы, к которым относится поле rus
Начальный элемент ввода Бижоев
Часть имени, кроме начального элемента ввода Б. Ч.
Даты 1952-
Расширение инициалов личного имени Борис Чамалович
Системный номер авторитетной/нормативной записи 136447
Идентификатор авторитетной/нормативной записи RU\NLR\AUTH\770136482
942 ## - ДОПОЛНИТЕЛЬНЫЕ ЭЛЕМЕНТЫ ЗАПИСИ (АБИС)
Тип экземпляра АБИС Книга
980 ## - КОЛЛЕКЦИЯ
Название коллекции Национальная библиография
980 ## - КОЛЛЕКЦИЯ
Название коллекции Каталог книг на языках народов РФ и стран СНГ

Нет доступных экземпляров.